| 000 | 00000nam 2200000za 4500 |
| 001 | 9.856106 |
| 003 | CaOODSP |
| 005 | 20221107155449 |
| 007 | cr ||||||||||| |
| 008 | 180503t20122000onca #of f000 0 fre d |
| 020 | |z978-0-660-96387-6 |
| 040 | |aCaOODSP|bfre |
| 043 | |an-cn--- |
| 086 | 1 |aNH15-365/2000F-PDF|zNH15-365/2000F |
| 100 | 1 |aKesik, Ted J.|q(Theodore Jonathon),|d1954- |
| 245 | 10|aGuide d'inspection pour le propriétaire-occupant |h[ressource électronique] / |crédigé pour la SCHL par Ted Kesik. |
| 250 | |aRevisé 2002, 2005, 2007, 2012. |
| 260 | |a[Ottawa] : |bSociété canadienne d’hypothèques et de logement, |cc2000, 2012. |
| 300 | |a107, [4] p. : |bill. |
| 500 | |aPubl. aussi en anglais sous le titre : Homeowner's inspection checklist. |
| 500 | |aÉdition numérisée de l’imprimé [par Société canadienne d'hypothèques et de logement]. |
| 504 | |aComprend des références bibliographiques. |
| 520 | |a« Le Guide d’inspection pour le propriétaireoccupant vous permettra de reconnaître les symptômes et les causes des problèmes courants dans une maison et vous montrera comment y remédier. Le présent guide n’est pas un manuel d’inspection exhaustif. Il n’équivaut pas, non plus, à un examen effectué par un inspecteur en bâtiment qualifié. Par contre, il vous aidera à déterminer si votre maison nécessite une inspection complète, si vous pouvez régler le problème sans aide ou si vous devez consulter une personne de métier ou un entrepreneur »--P. 3. |
| 692 | 07|2gccst|aLogement |
| 710 | 2 |aSociété canadienne d'hypothèques et de logement. |
| 775 | 08|tHomeowner's inspection checklist |w(CaOODSP)9.856105 |
| 776 | 0#|tGuide d'inspection pour le propriétaire-occupant / |w(CaOODSP)9.681205 |
| 856 | 40|qPDF|s8.21 Mo|uhttps://publications.gc.ca/collections/collection_2018/schl-cmhc/nh15/NH15-365-2000-fra.pdf |